Statistics for Tottenham Hotspur - Arsenal 2019-20

Click here to take the quiz!

General Stats

  • This quiz has been taken 47 times
  • The average score is 20 of 31

Answer Stats

Player% Correct
Pierre-Emerick Aubameyang
93%
Alexandre Lacazette ¹
93%
Hugo Lloris
88%
Harry Kane
88%
David Luiz
86%
Son Heung-min ¹
83%
Nicolas Pépé
83%
Mikel Arteta
81%
José Mourinho
79%
Héctor Bellerin
76%
Serge Aurier
76%
Granit Xhaka
76%
Toby Alderweireld ¹
71%
Emiliano Martínez
71%
Shkodran Mustafi
69%
Dani Ceballos
69%
Bukayo Saka
64%
Kieran Tierney
64%
Davinson Sánchez
62%
Lucas Moura
62%
Ben Davies
62%
Sead Kolašinac
62%
Erik Lamela
60%
Harry Winks
57%
Moussa Sissoko
50%
Giovani Lo Celso
50%
Joseph Willock
43%
Steven Bergwijn
36%
Reiss Nelson
36%
Oliver Skipp
17%
Cédric Soares
7%

Score Distribution

Percentile by Number Answered

Percent of People with Each Score

Your Score History

You have not taken this quiz